The Jupiter - True or False? - Statistics

General Stats
  • This quiz has been taken 40 times
  • The average score is 14 of 18
Answer Stats
Question Answer % Correct
The temperature on Jupiter’s surface is similar to that of Earth’s surface. False
100%
Jupiter’s moon Europa is believed to have a subsurface ocean. True
100%
Jupiter is the largest planet in our solar system. True
92%
Jupiter's Great Red Spot is a giant storm that has been raging for centuries. True
92%
Jupiter’s magnetosphere is the strongest of any planet in the solar system. True
92%
The Great Red Spot on Jupiter is shrinking. True
92%
Jupiter has a solid surface. False
83%
Jupiter's rings are as prominent and visible as Saturn’s. False
83%
Jupiter is the fifth planet from the Sun. True
83%
Jupiter has been visited by more than one space probe. True
83%
Jupiter's atmosphere is primarily composed of carbon dioxide. False
75%
Jupiter's moons Ganymede and Callisto are larger than Mercury. True
75%
Jupiter has the shortest day of any planet in the solar system. True
67%
The gravity on Jupiter is weaker than on Earth. False
58%
Jupiter was named after the Roman god of war. False
58%
Jupiter's magnetic field is about 20 times stronger than Earth's. True
58%
The Galileo spacecraft was the first to visit Jupiter. False
42%
Jupiter has more moons than any other planet in the solar system. True
42%
No matching quizzes found
Score Distribution
Percent of People with Each Score
Percentile by Number Answered
Your Score History
You have not taken this quiz